The thin place : a novel / Kathryn Davis.
The story of 3 girls near the Canadian border who come across the body of a dead man on the local lake's beach. Two of them run to get help, but twelve-year -old Mees Kipp stays with the body and somehow, inexplicably, brings it back to life. Her mysterious gift is at the center of this haunting and transcendent novel.
Record details
- ISBN: 1400132215
- ISBN: 9781400132218
- ISBN: 1400102219
- ISBN: 9781400102211
- Physical Description: 6 sound discs (7 hr.) : digital ; 4 3/4 in.
- Publisher: [Place of publication not identified] : Tantor Media, ©2006.
Content descriptions
| General Note: | Compact discs. Unabridged. |
| Participant or Performer Note: | Read by Shelly Frasier. |
Search for related items by subject
| Subject: | Girls > Fiction. Near-death experiences > Fiction. |
| Genre: | Psychological fiction. Audiobooks. |
Available copies
- 1 of 1 copy available at scottsboropl.
Holds
- 0 current holds with 1 total copy.
Show Only Available Copies
| Location | Call Number / Copy Notes | Barcode | Shelving Location | Status | Due Date |
|---|---|---|---|---|---|
| scottsboropl | BK/CD Dav | 32269000936297 | Adult - Audiobook | Available | - |
| LDR | 01595cim a2200397Ia 4500 | ||
|---|---|---|---|
| 001 | 137884 | ||
| 003 | CONS | ||
| 005 | 20140926121030.0 | ||
| 008 | 060414s2006 nyunnnn f n eng d | ||
| 020 | . | ‡a1400132215 | |
| 020 | . | ‡a9781400132218 | |
| 020 | . | ‡a1400102219 | |
| 020 | . | ‡a9781400102211 | |
| 035 | . | ‡a(CPomAG)LMN568051 | |
| 050 | 4. | ‡aPS3554.A93492 ‡bT48 2006 | |
| 082 | 0 | 4. | ‡a813/.6 ‡222 |
| 100 | 1 | . | ‡aDavis, Kathryn, ‡d1946- |
| 245 | 1 | 4. | ‡aThe thin place : ‡ba novel / ‡cKathryn Davis. |
| 260 | . | ‡a[Place of publication not identified] : ‡bTantor Media, ‡c©2006. | |
| 300 | . | ‡a6 sound discs (7 hr.) : ‡bdigital ; ‡c4 3/4 in. | |
| 306 | . | ‡a070000 | |
| 336 | . | ‡aspoken word ‡bspw ‡2rdacontent | |
| 337 | . | ‡aaudio ‡bs ‡2rdamedia | |
| 338 | . | ‡aaudio disc ‡bsd ‡2rdacarrier | |
| 500 | . | ‡aCompact discs. | |
| 500 | . | ‡aUnabridged. | |
| 511 | 0 | . | ‡aRead by Shelly Frasier. |
| 520 | 0 | . | ‡aThe story of 3 girls near the Canadian border who come across the body of a dead man on the local lake's beach. Two of them run to get help, but twelve-year -old Mees Kipp stays with the body and somehow, inexplicably, brings it back to life. Her mysterious gift is at the center of this haunting and transcendent novel. |
| 650 | 0. | ‡aGirls ‡vFiction. | |
| 650 | 0. | ‡aNear-death experiences ‡vFiction. | |
| 655 | 0. | ‡aPsychological fiction. | |
| 655 | 7. | ‡aAudiobooks. ‡2lcgft | |
| 700 | 1 | . | ‡aFrasier, Shelly. ‡4nrt |
| 914 | . | ‡aSCP_pc | |
| 959 | . | ‡i32269000936297 ‡lBK/CD Dav ‡aAdult - Audiobook ‡tAudiobook ‡g70.00 ‡d*** 6 CD''s please count | |
| 852 | . | ‡p32269000936297 ‡jBK/CD Dav ‡gAdult - Audiobook ‡cAudiobook ‡y70.00 ‡bSBPL | |
| 901 | . | ‡a137884 ‡bUnknown ‡c137884 ‡tbiblio | |